[Event "RN-2015-0-01025"]
[Site "LSS email"]
[Date "2015.09.15"]
[Round "?"]
[White "Bester, Kazimierz"]
[Black "Miquel Badenes, Jose"]
[Result "0-1"]
[WhiteElo "700"]
[BlackElo "1119"]
[PlyCount "70"]
[EventDate "2015.09.03"]
[EventType "tourn (corr)"]
[EventRounds "6"]
[EventCountry "GER"]
[SourceTitle "Corr 2022"]
[Source "ChessBase"]
[SourceDate "2021.10.24"]
[SourceVersion "1"]
[SourceVersionDate "2021.10.24"]
[SourceQuality "1"]

1. f4 e5 2. d3 Nc6 3. Nf3 d6 4. e3 Nf6 5. Be2 Be7 6. 0-0 e4 7. Ng5 d5 8. d4 h6 9. Nh3 Bxh3 10. gxh3 Qd7 11. Bb5 Qxh3 12. Rf2 Ng4 13. Rg2 Nxe3 14. Bxe3 Qxe3+ 15. Kh1 g5 16. f5 Qf3 17. Qg1 Qxf5 18. Nc3 Qe6 19. Ne2 a6 20. Ba4 b5 21. Bb3 Bd6 22. c3 f5 23. a3 f4 24. Rg4 f3 25. Nc1 Bf4 26. h3 0-0-0 27. Na2 Rdg8 28. h4 h5 29. Rxf4 gxf4 30. Qh2 Rg2 31. Qxg2 fxg2+ 32. Kxg2 Rg8+ 33. Kf2 Qh3 34. Bxd5 Rg2+ 35. Ke1 Qh1# 0-1

[Event "RN-2015-0-01025"]
[Site "LSS email"]
[Date "2015.09.15"]
[Round "?"]
[White "Miquel Badenes, Jose"]
[Black "Lenz, Juergen"]
[Result "1-0"]
[WhiteElo "1119"]
[BlackElo "1062"]
[PlyCount "61"]
[EventDate "2015.09.03"]
[EventType "tourn (corr)"]
[EventRounds "6"]
[EventCountry "GER"]
[SourceTitle "Corr 2022"]
[Source "ChessBase"]
[SourceDate "2021.10.24"]
[SourceVersion "1"]
[SourceVersionDate "2021.10.24"]
[SourceQuality "1"]

1. d4 Nf6 2. Nf3 d6 3. e3 Bf5 4. Bd3 Bxd3 5. Qxd3 c6 6. 0-0 Nbd7 7. c4 e5 8. dxe5 dxe5 9. Qc2 Qc7 10. h3 a5 11. b3 e4 12. Nd4 Be7 13. Nc3 Qe5 14. Bb2 0-0 15. Na4 Qh5 16. Ne2 Rfe8 17. Rad1 Bf8 18. Nf4 Qh6 19. Rd2 Ne5 20. Nb6 Rad8 21. Rxd8 Rxd8 22. Bxe5 Be7 23. Bxf6 Qxf6 24. Qxe4 Bc5 25. Na4 Ba7 26. Qc2 g5 27. Nh5 Qh6 28. g4 Qd6 29. Qf5 h6 30. Qf6 Bb8 31. Qg7# 1-0

[Event "RN-2015-0-01020"]
[Site "LSS email"]
[Date "2015.09.02"]
[Round "?"]
[White "Miquel Badenes, Jose"]
[Black "Hughes, Chris"]
[Result "1-0"]
[WhiteElo "1124"]
[BlackElo "853"]
[PlyCount "43"]
[EventDate "2015.08.21"]
[EventType "tourn (corr)"]
[EventRounds "6"]
[EventCountry "GER"]
[SourceTitle "Corr 2022"]
[Source "ChessBase"]
[SourceDate "2021.10.24"]
[SourceVersion "1"]
[SourceVersionDate "2021.10.24"]
[SourceQuality "1"]

1. d4 Nf6 2. Nf3 b6 3. e3 Bb7 4. Be2 e6 5. c3 Be7 6. 0-0 0-0 7. Nbd2 d5 8. Ne5 Ne4 9. Bf3 Nxd2 10. Bxd2 Nd7 11. Nxd7 Qxd7 12. Qc2 Bd6 13. e4 Qe7 14. exd5 Bxd5 15. Bxd5 exd5 16. Rae1 Qf6 17. g3 Rfe8 18. Qa4 Rxe1 19. Rxe1 Kf8 20. Qc6 Qd8 21. Qxd5 Qd7 22. Qxa8+ 1-0

[Event "IECC CL0-2015.00 email"]
[Site "IECC email"]
[Date "2015.04.05"]
[Round "?"]
[White "Perez Garcia, Miguel"]
[Black "Miquel Badenes, Jose"]
[Result "1-0"]
[WhiteElo "1274"]
[BlackElo "1186"]
[PlyCount "77"]
[EventDate "2015.03.10"]
[EventType "tourn (corr)"]
[EventRounds "4"]
[SourceTitle "Corr 2022"]
[Source "ChessBase"]
[SourceDate "2021.10.24"]
[SourceVersion "1"]
[SourceVersionDate "2021.10.24"]
[SourceQuality "1"]

1. Nf3 Nf6 2. c4 e6 3. Nc3 c5 4. e4 d5 5. cxd5 exd5 6. Bb5+ Nc6 7. exd5 Nxd5 8. Qe2+ Be6 9. Ne5 Qd6 10. d3 a6 11. Bxc6+ bxc6 12. Nxd5 cxd5 13. Bf4 Qb6 14. 0-0 Be7 15. Rfe1 0-0 16. Nd7 Bxd7 17. Qxe7 Be6 18. b3 Ra7 19. Qh4 Bf5 20. Re5 Be6 21. Rh5 f6 22. Rxh7 Bf5 23. Rh8+ Kf7 24. Qh5+ g6 25. Qh7+ Ke8 26. Re1+ Be6 27. Rxf8+ Kxf8 28. Bh6+ Ke8 29. Qh8+ Kd7 30. Qxf6 Qd6 31. Bf8 Qb6 32. Qe7+ Kc8 33. Qe8+ Qd8 34. Qxe6+ Rd7 35. Bxc5 Qc7 36. Qxa6+ Qb7 37. Qxb7+ Rxb7 38. Re8+ Kc7 39. Re7+ 1-0

[Event "RF-2015-0-00231"]
[Site "LSS email"]
[Date "2015.04.03"]
[Round "?"]
[White "Siegert, Daniel"]
[Black "Miquel Badenes, Jose"]
[Result "0-1"]
[WhiteElo "1327"]
[BlackElo "1195"]
[PlyCount "24"]
[EventDate "2015.03.11"]
[EventType "tourn (corr)"]
[EventRounds "6"]
[EventCountry "GER"]
[SourceTitle "Corr 2022"]
[Source "ChessBase"]
[SourceDate "2021.10.24"]
[SourceVersion "1"]
[SourceVersionDate "2021.10.24"]
[SourceQuality "1"]

1. e4 d5 2. exd5 Qxd5 3. Nc3 Qa5 4. d4 c6 5. Bd2 Qc7 6. Nf3 Bg4 7. Be2 Nf6 8. 0-0 e6 9. h3 Bh5 10. Ne5 Bg6 11. Nxg6 hxg6 12. Bf3 Nbd7 0-1

[Event "RF-2015-0-00231"]
[Site "LSS email"]
[Date "2015.03.29"]
[Round "?"]
[White "Miquel Badenes, Jose"]
[Black "Shim Ng Min, Francis"]
[Result "0-1"]
[WhiteElo "1195"]
[BlackElo "1247"]
[PlyCount "92"]
[EventDate "2015.03.11"]
[EventType "tourn (corr)"]
[EventRounds "6"]
[EventCountry "GER"]
[SourceTitle "Corr 2022"]
[Source "ChessBase"]
[SourceDate "2021.10.24"]
[SourceVersion "1"]
[SourceVersionDate "2021.10.24"]
[SourceQuality "1"]

1. d4 Nf6 2. Nf3 e6 3. g3 d5 4. Bg2 Be7 5. 0-0 0-0 6. c3 c5 7. e3 Nc6 8. Nbd2 cxd4 9. exd4 Rb8 10. Re1 b5 11. a3 a5 12. Ne5 Nxe5 13. dxe5 Nd7 14. Nf3 Nc5 15. Nd4 Bd7 16. Be3 Qc7 17. Qg4 Kh8 18. h4 Nd3 19. Re2 Nxe5 20. Qh3 Nc4 21. Nf3 Nxe3 22. Rxe3 e5 23. Qh2 e4 24. Nd4 Bc5 25. Rd1 Bxd4 26. Rxd4 Be6 27. Bh3 b4 28. axb4 axb4 29. g4 Qxh2+ 30. Kxh2 bxc3 31. bxc3 Rb2 32. Kg3 Ra8 33. c4 dxc4 34. Rexe4 g6 35. Re3 Raa2 36. Rf4 Rb3 37. Rxb3 cxb3 38. Rb4 Rc2 39. Bf1 b2 40. f3 Ba2 41. Bd3 b1Q 42. Rxb1 Bxb1 43. Bxc2 Bxc2 44. g5 Kg7 45. f4 Kf8 46. Kf3 Ke7 0-1

[Event "IECC CL0-2015.00 email"]
[Site "IECC email"]
[Date "2015.03.29"]
[Round "?"]
[White "Shim Ng Min, Francis"]
[Black "Miquel Badenes, Jose"]
[Result "1/2-1/2"]
[WhiteElo "1272"]
[BlackElo "1188"]
[PlyCount "89"]
[EventDate "2015.03.06"]
[EventType "tourn (corr)"]
[EventRounds "4"]
[SourceTitle "Corr 2022"]
[Source "ChessBase"]
[SourceDate "2021.10.24"]
[SourceVersion "1"]
[SourceVersionDate "2021.10.24"]
[SourceQuality "1"]

1. e4 b6 2. d4 Bb7 3. Bd3 Nf6 4. Qe2 e6 5. Nf3 c5 6. c3 h6 7. 0-0 Be7 8. c4 cxd4 9. Nxd4 0-0 10. Nc3 Nc6 11. Nxc6 dxc6 12. e5 Nh7 13. Qe4 f5 14. exf6 Nxf6 15. Qxe6+ Kh8 16. Bg6 Qd6 17. Re1 Qxe6 18. Rxe6 Ng8 19. b3 Bf6 20. Bb2 Rad8 21. Re2 c5 22. h3 Bd4 23. Nb5 Bxb2 24. Rxb2 Rf6 25. Bh5 a6 26. Nc3 g6 27. Be2 Kg7 28. Rd1 Rxd1+ 29. Bxd1 Ne7 30. Rd2 Bc8 31. Bf3 Bxh3 32. Bb7 Bc8 33. Bxc8 Nxc8 34. Rd8 Ne7 35. Rd7 Kf8 36. g3 Ke8 37. Rxe7+ Kxe7 38. Nd5+ Ke6 39. Nxf6 Kxf6 40. f4 g5 41. fxg5+ hxg5 42. Kf2 Kf5 43. Kf3 g4+ 44. Ke3 Ke5 45. a4 1/2-1/2

[Event "IECC CL0-2015.00 email"]
[Site "IECC email"]
[Date "2015.03.25"]
[Round "?"]
[White "Miquel Badenes, Jose"]
[Black "Lauer, Frederic"]
[Result "1-0"]
[WhiteElo "1203"]
[BlackElo "1101"]
[PlyCount "109"]
[EventDate "2015.02.25"]
[EventType "tourn (corr)"]
[EventRounds "4"]
[SourceTitle "Corr 2022"]
[Source "ChessBase"]
[SourceDate "2021.10.24"]
[SourceVersion "1"]
[SourceVersionDate "2021.10.24"]
[SourceQuality "1"]

1. d4 e6 2. Nf3 f5 3. e4 fxe4 4. Ne5 Nf6 5. Bg5 Be7 6. Bxf6 Bxf6 7. Nd2 Bxe5 8. Qh5+ g6 9. Qxe5 0-0 10. Qxe4 Qf6 11. f3 Qf5 12. Qxf5 exf5 13. Bc4+ Kg7 14. 0-0 Nc6 15. c3 d6 16. Rae1 Bd7 17. Re2 Rfe8 18. Rfe1 Rxe2 19. Rxe2 Re8 20. Rxe8 Bxe8 21. Bb5 a6 22. Ba4 Bd7 23. Kf2 Kf6 24. f4 h6 25. Bxc6 Bxc6 26. a3 b6 27. Nc4 Be4 28. Ne3 Bb7 29. g4 fxg4 30. Nxg4+ Kf5 31. Nxh6+ Kxf4 32. Ng8 g5 33. Nf6 g4 34. Ne8 c5 35. Nxd6 Bc6 36. dxc5 bxc5 37. Nc4 Bd5 38. Ne3 Be6 39. b4 cxb4 40. cxb4 Bb3 41. Nf1 Bd5 42. Nd2 Be6 43. Nb1 Bd7 44. Nc3 Bc6 45. a4 Bb7 46. b5 axb5 47. axb5 Ba8 48. b6 Ke5 49. Kg3 Kd4 50. Na4 Kc4 51. Kxg4 Kb5 52. Nc3+ Kxb6 53. h4 Kc5 54. h5 Kd4 55. h6 1-0

[Event "RF-2015-0-00228"]
[Site "LSS email"]
[Date "2015.03.16"]
[Round "?"]
[White "Raines, David T"]
[Black "Miquel Badenes, Jose"]
[Result "0-1"]
[WhiteElo "1099"]
[BlackElo "1194"]
[PlyCount "76"]
[EventDate "2015.02.21"]
[EventType "tourn (corr)"]
[EventRounds "6"]
[EventCountry "GER"]
[SourceTitle "Corr 2022"]
[Source "ChessBase"]
[SourceDate "2021.10.24"]
[SourceVersion "1"]
[SourceVersionDate "2021.10.24"]
[SourceQuality "1"]

1. d4 Nf6 2. c4 g6 3. Nc3 Bg7 4. e4 b6 5. f3 Bb7 6. Be3 0-0 7. Qd2 Re8 8. 0-0-0 d6 9. h4 a6 10. Nge2 b5 11. cxb5 axb5 12. b3 Nc6 13. Nxb5 Qb8 14. g4 Ba6 15. Nbc3 Qb4 16. Ng3 Qa3+ 17. Qb2 Qxb2+ 18. Kxb2 Bxf1 19. Rdxf1 Nb4 20. Rd1 Nd7 21. h5 c5 22. hxg6 hxg6 23. Nge2 cxd4 24. Nxd4 Ne5 25. Kb1 Rec8 26. Rc1 Ned3 27. a4 Nxc1 28. Rxc1 Nd3 29. Rc2 Rab8 30. Ncb5 Nc5 31. Ka2 Ra8 32. Ka3 Bf8 33. Rc4 e5 34. Nc2 d5 35. Rxc5 Bxc5+ 36. Bxc5 Rxc5 37. Ne3 dxe4 38. fxe4 Rxb5 0-1

[Event "RF-2015-0-00227"]
[Site "LSS email"]
[Date "2015.03.12"]
[Round "?"]
[White "Linart, Ludvik"]
[Black "Miquel Badenes, Jose"]
[Result "1-0"]
[WhiteElo "1118"]
[BlackElo "1188"]
[PlyCount "45"]
[EventDate "2015.02.16"]
[EventType "tourn (corr)"]
[EventRounds "6"]
[EventCountry "GER"]
[SourceTitle "Corr 2022"]
[Source "ChessBase"]
[SourceDate "2021.10.24"]
[SourceVersion "1"]
[SourceVersionDate "2021.10.24"]
[SourceQuality "1"]

1. d4 Nf6 2. c4 e6 3. Nf3 c5 4. Nc3 cxd4 5. Nxd4 b6 6. Ndb5 Bb7 7. Bf4 Na6 8. Nd6+ Bxd6 9. Bxd6 Rc8 10. Qd4 Nc5 11. b4 Nce4 12. Nxe4 Nxe4 13. Qxg7 Qf6 14. Qxf6 Nxf6 15. Rc1 Ne4 16. Bf4 Rg8 17. f3 Nf6 18. e4 d5 19. exd5 exd5 20. Kf2 a5 21. b5 Kd7 22. Bd3 h5 23. Bf5+ 1-0

[Event "RF-2015-0-00224"]
[Site "LSS email"]
[Date "2015.02.22"]
[Round "?"]
[White "Zwaneveld, Ansel"]
[Black "Miquel Badenes, Jose"]
[Result "1/2-1/2"]
[WhiteElo "1124"]
[BlackElo "1187"]
[PlyCount "46"]
[EventDate "2015.01.31"]
[EventType "tourn (corr)"]
[EventRounds "6"]
[EventCountry "GER"]
[SourceTitle "Corr 2022"]
[Source "ChessBase"]
[SourceDate "2021.10.24"]
[SourceVersion "1"]
[SourceVersionDate "2021.10.24"]
[SourceQuality "1"]

1. d4 Nf6 2. Nf3 d5 3. e3 c5 4. Nc3 a6 5. dxc5 Nc6 6. Nd4 Qa5 7. Nb3 Qc7 8. Nxd5 Nxd5 9. Qxd5 Nb4 10. Qe4 a5 11. c3 Nc6 12. Bb5 Bd7 13. Nd4 Nxd4 14. Bxd7+ Qxd7 15. exd4 Qb5 16. b3 Ra6 17. Be3 g6 18. c4 Qb4+ 19. Bd2 Qa3 20. Qe5 Re6 21. Qxe6 fxe6 22. Bc1 Qb4+ 23. Bd2 Qa3 1/2-1/2

[Event "OP-2015-0-03638"]
[Site "LSS email"]
[Date "2015.02.03"]
[Round "?"]
[White "Lukin, Nikita"]
[Black "Miquel Badenes, Jose"]
[Result "0-1"]
[WhiteElo "800"]
[BlackElo "1195"]
[PlyCount "84"]
[EventDate "2015.02.01"]
[EventType "tourn (corr)"]
[EventRounds "4"]
[EventCountry "GER"]
[SourceTitle "Corr 2022"]
[Source "ChessBase"]
[SourceDate "2021.10.24"]
[SourceVersion "1"]
[SourceVersionDate "2021.10.24"]
[SourceQuality "1"]

1. e4 d5 2. exd5 Qxd5 3. Nc3 Qa5 4. d4 c6 5. Bc4 Nf6 6. Nf3 Bg4 7. h3 Bh5 8. g4 Bg6 9. Ne5 e6 10. h4 Be4 11. Rh3 Bd5 12. g5 Nfd7 13. Bd2 Qc7 14. Nxd5 exd5 15. Re3 Nxe5 16. Rxe5+ Kd8 17. Bd3 Nd7 18. Re3 Bd6 19. Qh5 g6 20. Qf3 Rf8 21. c4 Bf4 22. Re2 Bxd2+ 23. Rxd2 dxc4 24. Bxc4 Nb6 25. Rc1 Nxc4 26. Rxc4 Re8+ 27. Kd1 Qe7 28. Qh1 Qe4 29. Qf1 Kc7 30. d5 Qf3+ 31. Kc1 Rad8 32. dxc6 bxc6 33. Rxd8 Rxd8 34. Ra4 Kb8 35. Rc4 Kc7 36. Ra4 a5 37. Rxa5 Qf4+ 38. Kb1 Rb8 39. Qe2 Qb4 40. Qe5+ Kb6 41. Ra3 Qf8 42. Rb3+ Ka7 0-1

[Event "SF-2014-0-00265"]
[Site "LSS email"]
[Date "2015.01.26"]
[Round "?"]
[White "Caviglia, Maximiliano"]
[Black "Miquel Badenes, Jose"]
[Result "1-0"]
[WhiteElo "1161"]
[BlackElo "1053"]
[PlyCount "59"]
[EventDate "2014.12.21"]
[EventType "tourn (corr)"]
[EventRounds "6"]
[EventCountry "GER"]
[SourceTitle "Corr 2015"]
[Source "ChessBase"]
[SourceDate "2015.07.17"]
[SourceVersion "1"]
[SourceVersionDate "2015.07.17"]
[SourceQuality "1"]

1. d3 d5 2. g3 Nf6 3. h3 c6 4. Bg2 e6 5. e3 Bd6 6. Ne2 Nbd7 7. Nd2 e5 8. 0-0 0-0 9. b3 Re8 10. Bb2 a5 11. a3 h6 12. e4 d4 13. Nc4 Bc7 14. f4 exf4 15. Nxf4 Ne5 16. Nh5 Nxh5 17. Qxh5 Nxc4 18. Qxf7+ Kh8 19. Qxc4 Bxg3 20. Bxd4 Be6 21. Qc3 Qg5 22. Rf3 Rf8 23. Raf1 Rxf3 24. Rxf3 Rg8 25. Qc5 Qg6 26. Bf2 Bc7 27. Qe7 Rc8 28. Bd4 b6 29. Rf6 Qg3 30. Rxh6+ 1-0

[Event "RF-2015-0-00217"]
[Site "LSS email"]
[Date "2015.01.21"]
[Round "?"]
[White "Miquel Badenes, Jose"]
[Black "Linart, Ludvik"]
[Result "0-1"]
[WhiteElo "1167"]
[BlackElo "1007"]
[PlyCount "72"]
[EventDate "2014.12.28"]
[EventType "tourn (corr)"]
[EventRounds "6"]
[EventCountry "GER"]
[SourceTitle "Corr 2022"]
[Source "ChessBase"]
[SourceDate "2021.10.24"]
[SourceVersion "1"]
[SourceVersionDate "2021.10.24"]
[SourceQuality "1"]

1. d4 e6 2. Nf3 Nf6 3. Bg5 Be7 4. e3 b6 5. Be2 Bb7 6. Nbd2 Nc6 7. a3 h6 8. Bf4 Nh5 9. Bg3 Nxg3 10. hxg3 d6 11. c4 Qd7 12. b4 Bf6 13. Rb1 Ne7 14. a4 c5 15. bxc5 bxc5 16. dxc5 dxc5 17. Rb5 Rc8 18. Qb3 Ba6 19. Rb8 0-0 20. Rxc8 Rxc8 21. Bd3 Nc6 22. Bb1 Rb8 23. Qc2 g6 24. Rxh6 Kg7 25. Rh2 Nb4 26. Qe4 Qxa4 27. Qf4 Rd8 28. Qh6+ Kg8 29. Ng5 Bg7 30. Qh4 Nd3+ 31. Bxd3 Rxd3 32. Qf4 Qd7 33. Qb8+ Bc8 34. Ngf3 Bc3 35. Ne5 Rxe3+ 36. Kf1 Re1+ 0-1

[Event "RF-2015-0-00217"]
[Site "LSS email"]
[Date "2015.01.21"]
[Round "?"]
[White "Miquel Badenes, Jose"]
[Black "Lombardi, Donato"]
[Result "1-0"]
[WhiteElo "1167"]
[BlackElo "880"]
[PlyCount "99"]
[EventDate "2014.12.28"]
[EventType "tourn (corr)"]
[EventRounds "6"]
[EventCountry "GER"]
[SourceTitle "Corr 2022"]
[Source "ChessBase"]
[SourceDate "2021.10.24"]
[SourceVersion "1"]
[SourceVersionDate "2021.10.24"]
[SourceQuality "1"]

1. Nf3 Nf6 2. e3 d5 3. d4 e6 4. Bd3 Bd6 5. Nbd2 0-0 6. e4 c5 7. e5 cxd4 8. exd6 Qxd6 9. Nxd4 a6 10. N2f3 e5 11. Nf5 Bxf5 12. Bxf5 Nc6 13. 0-0 e4 14. Nd4 Rad8 15. c3 Qe5 16. Nxc6 bxc6 17. Bh3 c5 18. g3 d4 19. Bf4 Qe7 20. cxd4 cxd4 21. Re1 Rfe8 22. Bg5 h6 23. Bxf6 Qxf6 24. Bg2 e3 25. fxe3 dxe3 26. Qe2 Rd2 27. Qf3 Qxf3 28. Bxf3 Rxb2 29. Re2 Rxe2 30. Bxe2 a5 31. a4 Rb8 32. Bb5 Rb7 33. Re1 f5 34. Kg2 g5 35. Rxe3 Kg7 36. Re6 Rf7 37. Ra6 f4 38. Rxa5 fxg3 39. hxg3 Rf5 40. Ra6 Rc5 41. Rb6 h5 42. a5 h4 43. gxh4 gxh4 44. a6 Rc2+ 45. Kh3 Rc5 46. a7 Rc3+ 47. Kxh4 Ra3 48. Ra6 Rxa6 49. Bxa6 Kf6 50. a8Q 1-0

[Event "RF-2014-0-00215"]
[Site "LSS email"]
[Date "2015.01.16"]
[Round "?"]
[White "Zwaneveld, Ansel"]
[Black "Miquel Badenes, Jose"]
[Result "0-1"]
[WhiteElo "1039"]
[BlackElo "1053"]
[PlyCount "62"]
[EventDate "2014.12.09"]
[EventType "tourn (corr)"]
[EventRounds "6"]
[EventCountry "GER"]
[SourceTitle "Corr 2015"]
[Source "ChessBase"]
[SourceDate "2015.07.17"]
[SourceVersion "1"]
[SourceVersionDate "2015.07.17"]
[SourceQuality "1"]

1. d4 d5 2. Nf3 Nf6 3. e3 e6 4. Bd3 h6 5. 0-0 Bd6 6. Nbd2 c5 7. dxc5 Bxc5 8. Nb3 Be7 9. c4 0-0 10. Bd2 Nc6 11. Bc3 a6 12. Rc1 Bd7 13. Qe2 Rc8 14. cxd5 Nxd5 15. Bd2 Ncb4 16. a3 Nxd3 17. Qxd3 Bb5 18. Qb1 Bxf1 19. Kxf1 Rxc1+ 20. Qxc1 Qd7 21. Ne5 Qb5+ 22. Qc4 Qxc4+ 23. Nxc4 Bf6 24. e4 b5 25. Nca5 Nb6 26. Be3 Na4 27. Nc5 Nxb2 28. Nd7 Rd8 29. Nxf6+ gxf6 30. Ke2 Kg7 31. f3 Nc4 0-1

[Event "RF-2014-0-00215"]
[Site "LSS email"]
[Date "2015.01.11"]
[Round "?"]
[White "Miquel Badenes, Jose"]
[Black "Shim Ng Min, Francis"]
[Result "1/2-1/2"]
[WhiteElo "1053"]
[BlackElo "1109"]
[PlyCount "94"]
[EventDate "2014.12.09"]
[EventType "tourn (corr)"]
[EventRounds "6"]
[EventCountry "GER"]
[SourceTitle "Corr 2015"]
[Source "ChessBase"]
[SourceDate "2015.07.17"]
[SourceVersion "1"]
[SourceVersionDate "2015.07.17"]
[SourceQuality "1"]

1. Nf3 d5 2. d4 Nf6 3. b3 e6 4. Bb2 Be7 5. e3 0-0 6. c4 c5 7. dxc5 Bxc5 8. cxd5 Nxd5 9. Be2 Bb4+ 10. Nbd2 Bc3 11. Qc2 Bxb2 12. Qxb2 Qf6 13. Qxf6 Nxf6 14. Bc4 b6 15. Ke2 Ba6 16. Rac1 Bxc4+ 17. Rxc4 Nbd7 18. Rhc1 Rfd8 19. h3 g6 20. Rc7 Kg7 21. Nd4 Nc5 22. Nb5 Rd7 23. Rxd7 Ncxd7 24. Rc7 a6 25. Nd6 Rd8 26. N6e4 Nxe4 27. Nxe4 Nf6 28. Nxf6 Kxf6 29. Rc6 Rb8 30. f4 h5 31. g4 hxg4 32. hxg4 Rb7 33. Kf3 Ke7 34. Ke4 Kd7 35. Rc4 f6 36. Kd4 Rc7 37. e4 Rxc4+ 38. Kxc4 Kc6 39. a4 Kd6 40. Kd4 Kc6 41. e5 f5 42. gxf5 gxf5 43. b4 Kc7 44. b5 axb5 45. axb5 Kd7 46. Ke3 Ke7 47. Kf3 Kf7 1/2-1/2

[Event "RF-2014-0-00213"]
[Site "LSS email"]
[Date "2014.12.29"]
[Round "?"]
[White "Evans, Stanley W"]
[Black "Miquel Badenes, Jose"]
[Result "1-0"]
[WhiteElo "1172"]
[BlackElo "1053"]
[PlyCount "41"]
[EventDate "2014.11.20"]
[EventType "tourn (corr)"]
[EventRounds "6"]
[EventCountry "GER"]
[SourceTitle "Corr 2015"]
[Source "ChessBase"]
[SourceDate "2015.07.17"]
[SourceVersion "1"]
[SourceVersionDate "2015.07.17"]
[SourceQuality "1"]

1. e4 d5 2. Nc3 d4 3. Nce2 e5 4. Ng3 Bd6 5. Nf3 Nf6 6. Bc4 h6 7. h3 Nc6 8. 0-0 0-0 9. a3 a6 10. d3 b5 11. Ba2 Ne7 12. b4 Ng6 13. Qd2 Nf4 14. c3 dxc3 15. Qxc3 N6h5 16. Bxf4 Nxf4 17. Nxe5 Bxe5 18. Qxe5 Ne6 19. Nf5 Qg5 20. f4 Qg6 21. Ne7+ 1-0

[Event "RF-2014-0-00213"]
[Site "LSS email"]
[Date "2014.12.27"]
[Round "?"]
[White "Miquel Badenes, Jose"]
[Black "Caviglia, Maximiliano"]
[Result "0-1"]
[WhiteElo "1053"]
[BlackElo "1161"]
[PlyCount "80"]
[EventDate "2014.11.20"]
[EventType "tourn (corr)"]
[EventRounds "6"]
[EventCountry "GER"]
[SourceTitle "Corr 2015"]
[Source "ChessBase"]
[SourceDate "2015.07.17"]
[SourceVersion "1"]
[SourceVersionDate "2015.07.17"]
[SourceQuality "1"]

1. Nf3 e6 2. d4 Nf6 3. e3 b6 4. Nc3 Bb4 5. Bd2 0-0 6. a3 Be7 7. Be2 Ba6 8. 0-0 Bxe2 9. Qxe2 d5 10. Ne5 c5 11. Nd1 Nfd7 12. Nxd7 Qxd7 13. c3 c4 14. e4 a5 15. e5 Nc6 16. h3 Rfb8 17. Ne3 a4 18. f4 Na5 19. f5 Nb3 20. fxe6 fxe6 21. Rae1 Nxd2 22. Qxd2 Rf8 23. Qe2 Rxf1+ 24. Rxf1 Rf8 25. Rxf8+ Bxf8 26. Qf3 Qe8 27. Qg4 Qf7 28. Kh2 Be7 29. Kg3 b5 30. Qf3 Qg6+ 31. Qg4 Bg5 32. Nd1 h5 33. Qf3 h4+ 34. Kh2 Bc1 35. Qe2 Qg3+ 36. Kg1 Bf4 37. Nf2 b4 38. Qf3 Qxf3 39. gxf3 bxa3 40. bxa3 Bc1 0-1

[Event "RF-2014-0-00213"]
[Site "LSS email"]
[Date "2014.12.25"]
[Round "?"]
[White "Miquel Badenes, Jose"]
[Black "Shim Ng Min, Francis"]
[Result "1-0"]
[WhiteElo "1053"]
[BlackElo "1109"]
[PlyCount "65"]
[EventDate "2014.11.20"]
[EventType "tourn (corr)"]
[EventRounds "6"]
[EventCountry "GER"]
[SourceTitle "Corr 2015"]
[Source "ChessBase"]
[SourceDate "2015.07.17"]
[SourceVersion "1"]
[SourceVersionDate "2015.07.17"]
[SourceQuality "1"]

1. Nf3 d5 2. b3 Nf6 3. Bb2 Nbd7 4. e3 g6 5. d4 Bg7 6. c4 0-0 7. Nc3 c6 8. Rc1 Re8 9. cxd5 Nxd5 10. Nxd5 cxd5 11. Be2 Qa5+ 12. Bc3 Qd8 13. 0-0 a6 14. h3 e5 15. dxe5 Nxe5 16. Nxe5 Bxe5 17. Bxe5 Rxe5 18. Bf3 Bd7 19. Qd4 Qe7 20. Bxd5 Rd8 21. Rfd1 Rc8 22. Bxf7+ Kxf7 23. Qxd7 Rxc1 24. Qxe7+ Kxe7 25. Rxc1 Kd7 26. Rc2 Rd5 27. Kf1 Rd1+ 28. Ke2 Rg1 29. g3 g5 30. Kf3 Rd1 31. Kg4 h6 32. Kh5 Rd6 33. Rc4 1-0

[Event "OP-2014-0-03591"]
[Site "LSS email"]
[Date "2014.12.20"]
[Round "?"]
[White "Linga, Venu Gopal"]
[Black "Miquel Badenes, Jose"]
[Result "0-1"]
[WhiteElo "753"]
[BlackElo "1053"]
[PlyCount "98"]
[EventDate "2014.12.16"]
[EventType "tourn (corr)"]
[EventRounds "4"]
[EventCountry "GER"]
[SourceTitle "Corr 2015"]
[Source "ChessBase"]
[SourceDate "2015.07.17"]
[SourceVersion "1"]
[SourceVersionDate "2015.07.17"]
[SourceQuality "1"]

1. e4 d5 2. exd5 Qxd5 3. Nc3 Qa5 4. Nf3 Bg4 5. Be2 Nf6 6. d3 c6 7. 0-0 e6 8. Bd2 Qc7 9. a3 Nbd7 10. Bg5 Bd6 11. h3 Bh5 12. Ne4 Nxe4 13. dxe4 h6 14. Be3 0-0 15. Nh4 Bxe2 16. Qxe2 Nf6 17. Qd3 Rad8 18. Qe2 b6 19. Nf3 Nd7 20. Rad1 Ne5 21. Nxe5 Bxe5 22. Rxd8 Rxd8 23. Rd1 Bxb2 24. Rxd8+ Qxd8 25. a4 Bf6 26. Qg4 Kh7 27. Qe2 Qd7 28. Qd3 Qxd3 29. cxd3 e5 30. Kf1 g5 31. Ke2 Kg6 32. g4 Bd8 33. f3 a6 34. Kd1 Kf6 35. Kc2 Ke6 36. Kb3 Kd6 37. Kc4 f6 38. Kb4 c5+ 39. Kc4 Kc6 40. Bd2 b5+ 41. axb5+ axb5+ 42. Kb3 Bc7 43. Be3 Ba5 44. Bc1 Be1 45. Bb2 Bf2 46. Bc3 b4 47. Bd2 Kb5 48. Bc1 Be1 49. Be3 Bc3 0-1